Ecological entomology (Record no. 29282)

MARC details
000 -LEADER
fixed length control field 00470nam a2200181Ia 4500
020 ## - INTERNATIONAL STANDARD BOOK NUMBER
ISBN 9789382036999
050 ## - CALL MARK
Classification number QL 461 .A53/
100 ## - STATEMENT OF RESPONSIBILITY--MAIN AUTHOR NAME
Personal name Anderson, Gorden
245 #0 - TITLE STATEMENT
Title Ecological entomology
260 ## - PUBLICATION, DISTRIBUTION, ETC. (IMPRINT)
Place of publication New Delhi, India
260 ## - PUBLICATION, DISTRIBUTION, ETC. (IMPRINT)
Name of publisher Black prints Inc.
260 ## - PUBLICATION, DISTRIBUTION, ETC. (IMPRINT)
Year of publication 2016
300 ## - PHYSICAL DESCRIPTION
Number of Pages 233 p
650 ## - SUBJECT ADDED ENTRY--TOPICAL TERM
Topical Term Insects--Ecology--Periodicals. Entomology--Periodicals.
942 ## - ADDED ENTRY ELEMENTS (KOHA)
Koha item type Books
Holdings
Withdrawn status Lost status Source of classification or shelving scheme Damaged status Not for loan Permanent Location Current Location Date acquired Accession Number Price effective from Koha item type
    Library of Congress Classification     NILE UNIVERSITY OF NIGERIA - MAIN LIBRARY NILE UNIVERSITY OF NIGERIA - MAIN LIBRARY 04/23/2025 0191378 04/23/2025 Books